00622nam a22001337a 4500999001500000008004100015100003600056245012200092260005500214300003400269650008000303942001500383952009000398 c7045d7045200415b ||||| |||| 00| 0 eng d aThe United Republic of Tanzania aTanzania Mainland Household Budget Survey Community Characteristics 2011/12cThe United Republic of TanzaniahEnglish aDar Es SalaambNational Bureau of Statisticsc2015 axiv,120p.bIllustrationc28cm 2Tanzania Mainland HouseHold Budget Survey Community Characteristics 2011/12 2ddccBOOKS 00102ddc4070a3000b3000d2020-04-15l0p1000002843r2020-04-15w2020-04-15yBOOKS